000 004030000a22001690004500
003 MACL
005 20151229115857.0
008 151229b xxu||||| |||| 00| 0 eng d
040 _aMACL
_cMACL
041 _aEnglish
082 _a126/MUN
100 _aMunsterberg, Hugo
_923593
245 _aSubconscious Phenomena
260 _bRebman Ltd
650 _aPhilosophy
_923594
942 _cBK
_k126/MUN
_2ddc
999 _c38273
_d38273